000 00814nas a2200277 4500
001 BR9703274
003 BR-BrBNA
005 20231205100340.0
007 ta
008 230509b bl.|||p| |||| 00| 00por d
040 _aBR-BrBNA
_bpor
_cBiblioteca Nacional de Agricultura
041 _a(Pt)
072 _aL73
100 1 _aMachado, P.F.
100 1 _aBangel Junior, J.J.
100 1 _aRangel, L.F.S.
245 1 _aDeslocamento do abomaso. Como resolver e como prevenir
650 _aGado Leiteiro
650 _aAbomaso
650 _aDoenca Animal
650 _aCirurgia
650 _aControle Mecanico
773 0 _tLeite B - Associacao Brasileira dos Produtores de Leite B (Brazil)
_x
_g(Jun 1997), no. 126 p. 20-22
_wBR9703274
909 _a202311
_bLúcia
_c55
_dLúcia Elande
942 _2AGRIS
_n0
_cANA
999 _c155510
_d155510